[Event "THA-ch"]
[Site "Bangkok"]
[Date "2019.05.02"]
[Round "4"]
[White "Vongrungrot, Kritin"]
[Black "Yabsanthia, Tawatchai"]
[Result "1-0"]
[WhiteElo "1055"]
[BlackElo "1285"]
[PlyCount "73"]
[EventDate "2019.05.01"]
[EventType "swiss"]
[EventRounds "9"]
[EventCountry "THA"]
[SourceTitle "CBM 190 Extra"]
[Source "ChessBase"]
[SourceDate "2019.07.15"]
[SourceVersion "1"]
[SourceVersionDate "2019.07.15"]
[SourceQuality "1"]

1. e4 e5 2. Nf3 Nc6 3. Bc4 h6 4. d4 exd4 5. Nxd4 Qh4 6. 0-0 d6 7. h3 Ne5 8. Bd3 Bd7 9. Nf3 Qe7 10. Nxe5 dxe5 11. Be3 Qf6 12. Re1 Bd6 13. Nd2 Qg6 14. Kh1 Nf6 15. f4 0-0 16. f5 Qh7 17. Qf3 Bc6 18. Bf2 g6 19. fxg6 fxg6 20. Qe2 Nh5 21. Bc4+ Kh8 22. Nf3 Nf4 23. Qf1 a6 24. Rad1 Rae8 25. a3 b5 26. Ba2 Bd7 27. c3 g5 28. b4 Bc6 29. Bb3 Bxe4 30. Bc5 Qg6 31. Bxd6 cxd6 32. Qg1 Bxf3 33. gxf3 Nxh3 34. Qg2 Nf4 35. Qh2 Qf6 36. Rg1 Ng6 37. Qxh6# 1-0